Armenian Cities Quiz - Statistics

General Stats
  • This quiz has been taken 146 times
  • The average score is 6 of 15
Answer Stats
Hint Answer % Correct
Y Yerevan
100%
G Gyumri
85%
V Vanadzor
72%
A Ararat
51%
K Kapan
48%
D Dilijan
43%
A Artashat
39%
V Vagharshapat
30%
G Gavar
27%
A Aparan
23%
M Masis
23%
A Alaverdi
13%
A Artik
12%
A Ashotavan
2%
H Hrzadan
2%
No matching quizzes found
Score Distribution
Percent of People with Each Score
Percentile by Number Answered
Your Score History
You have not taken this quiz